[Event "AUTO-ADV-1229"]
[Site "http://www.queenalice.com/game.php?id=544462"]
[Date "2009.2.22"]
[Round "1"]
[White "renansigarini"]
[Black "odin2"]
[Result "1-0"]
[WhiteElo "1785"]
[BlackElo "1767"]

1. e4 e5 2. d4 exd4 3. Qxd4 Nc6 4. Qe3 d6 5. Nc3 Nf6 6. Bd2 Be7 7. O-O-O O-O 8.
f4 Re8 9. Nf3 Bg4 10. h3 Bxf3 11. gxf3 h6 12. Bd3 Nb4 13. Rhg1 Nxd3+ 14. Qxd3
Kh8 15. Rg2 Qd7 16. Rdg1 Nh5 17. f5 Bf6 18. Nd5 Be5 19. f4 Bf6 20. Bc3 Bxc3 21.
Qxc3 Rg8 22. Rg4 c6 23. Rh4 cxd5 24. Rxh5 dxe4 25. Rxh6# 1-0

[Event "AUTO-ADV-1229"]
[Site "http://www.queenalice.com/game.php?id=544463"]
[Date "2009.2.22"]
[Round "1"]
[White "odin2"]
[Black "renansigarini"]
[Result "1-0"]
[WhiteElo "1772"]
[BlackElo "1754"]

1. e4 d5 2. exd5 Qxd5 3. Nc3 Qa5 4. Nf3 Nc6 5. Be2 Bd7 6. d3 O-O-O 7. O-O e5 8.
Bd2 Nf6 9. Ne4 Qd5 10. c4 Qe6 11. Qb3 Nxe4 12. dxe4 Bc5 13. Be3 Bxe3 14. Qxe3 g6
15. b3 f5 16. exf5 gxf5 17. Rad1 e4 18. Nd4 Qg6 19. Qf4 Rhg8 20. g3 Rg7 21. Nb5
Kb8 22. Qxc7+ Ka8 23. Qf4 a6 24. Nc7+ Ka7 25. Qe3+ b6 26. c5 b5 27. Nd5 Be6 28.
Nf4 Qe8 29. Rxd8 Nxd8 30. c6+ Kb8 31. Qb6+ Kc8 32. c7 Rxc7 33. Qxa6+ Kb8 34.
Bxb5 Qe7 35. Bc4 Bxc4 36. bxc4 Qc5 37. Ne6 Nxe6 38. Rb1+ 1-0

[Event "AUTO-ADV-1229"]
[Site "http://www.queenalice.com/game.php?id=544464"]
[Date "2009.2.22"]
[Round "1"]
[White "renansigarini"]
[Black "serrato987"]
[Result "0-1"]
[WhiteElo "1783"]
[BlackElo "1803"]

1. e4 e6 2. d4 d5 3. exd5 exd5 4. Bd3 Nf6 5. Nf3 Bd6 6. Bg5 Be6 7. O-O Nbd7 8.
c3 O-O 9. Qc2 h6 10. Bh4 c6 11. Nbd2 Qc7 12. Rfe1 Nh5 13. Re3 Nf4 14. Rae1 Nxd3
15. Qxd3 Rac8 16. Ne5 Nxe5 17. Qc2 Ng4 18. R3e2 Bxh2+ 19. Kh1 Bd6 20. f3 Nf6 21.
Bxf6 gxf6 22. Qd3 Bf4 23. Nb3 b6 24. Nd2 Qd7 25. Nf1 Bf5 26. Qa6 Kg7 27. g4 Bg6
28. Re7 Qd6 29. Qxa7 Ra8 30. Qd7 Qxd7 31. Rxd7 Rfe8 32. Rxe8 Rxe8 33. Rb7 Re1
34. Kg2 Re2+ 35. Kg1 Rxb2 36. a4 Bd3 37. Re7 Rb1 0-1

[Event "AUTO-ADV-1229"]
[Site "http://www.queenalice.com/game.php?id=544465"]
[Date "2009.2.22"]
[Round "1"]
[White "serrato987"]
[Black "renansigarini"]
[Result "1-0"]
[WhiteElo "1816"]
[BlackElo "1768"]

1. e4 d5 2. exd5 Qxd5 3. Nc3 Qa5 4. d4 Nc6 5. d5 Ne5 6. Nf3 Bg4 7. Be2 Nxf3+ 8.
Bxf3 Bxf3 9. Qxf3 Nf6 10. d6 exd6 11. O-O O-O-O 12. Re1 d5 13. Bg5 Bd6 14. Bxf6
gxf6 15. Nxd5 Bxh2+ 16. Kxh2 Qxd5 17. Qxf6 Qd6+ 18. Qxd6 Rxd6 19. Re2 Re6 20.
Rxe6 fxe6 21. Re1 Kd7 22. g4 h5 23. Kg3 hxg4 24. Kxg4 Rg8+ 25. Kf3 Rg5 26. Re4
Rd5 27. Ke3 Ra5 28. Rd4+ Ke7 29. a4 c5 30. Rh4 Kd6 31. b3 b5 32. axb5 Rxb5 33.
Kd3 Rb7 34. Ra4 Rf7 35. f4 Kd5 36. c4+ Kd6 37. Ra6+ Ke7 38. Rxa7+ Kf6 39. Rxf7+
Kxf7 40. Ke3 Kg6 41. Kf3 Kf5 42. Ke3 Kg6 43. b4 Kf5 44. b5 1-0

[Event "AUTO-OPEN-1452"]
[Site "http://www.queenalice.com/game.php?id=545053"]
[Date "2009.2.23"]
[Round "1"]
[White "renansigarini"]
[Black "Catamarca"]
[Result "1-0"]
[WhiteElo "1768"]
[BlackElo "1654"]

1. e4 d6 2. d4 Nf6 3. Nc3 Nbd7 4. Nf3 g6 5. Bc4 Bg7 6. O-O O-O 7. Re1 Nb6 8. Bb3
Nbd7 9. Bg5 c5 10. d5 Ng4 11. h3 Nge5 12. Nb5 a6 13. Nxd6 f6 14. Nxc8 Rxc8 15.
Be3 b5 16. a3 c4 17. Ba2 f5 18. exf5 Rxf5 19. Nd4 Rf7 20. Ne6 Qe8 21. Qd2 Nf8
22. Nxg7 Kxg7 23. Bh6+ Kg8 24. Rxe5 Rd8 25. Rae1 Rd6 26. Bxf8 Qxf8 27. b3 Rdf6
28. f3 Rd6 29. bxc4 Qc8 30. Rxe7 bxc4 31. Re8+ 1-0

[Event "AUTO-OPEN-1452"]
[Site "http://www.queenalice.com/game.php?id=545054"]
[Date "2009.2.23"]
[Round "1"]
[White "Catamarca"]
[Black "renansigarini"]
[Result "1-0"]
[WhiteElo "1405"]
[BlackElo "1813"]

1. e4 d5 2. exd5 Qxd5 3. Nf3 Bg4 4. Be2 Nc6 5. Nc3 Qh5 6. d3 O-O-O 7. Be3 Nf6 8.
h3 Bf5 9. Ne5 Qh4 10. Nxf7 e5 11. a4 Bb4 12. Nxh8 Bxc3+ 13. bxc3 g5 14. Nf7 Rg8
15. g3 1-0

[Event "AUTO-OPEN-1452"]
[Site "http://www.queenalice.com/game.php?id=545055"]
[Date "2009.2.23"]
[Round "1"]
[White "renansigarini"]
[Black "merlin"]
[Result "1-0"]
[WhiteElo "1819"]
[BlackElo "1800"]

1. e4 d6 2. d4 g6 3. Nf3 Bg7 4. Bc4 Nf6 5. Bg5 Nxe4 6. O-O O-O 7. Re1 d5 8. Bd3
Bg4 9. Bxe4 dxe4 10. Rxe4 Bxf3 11. Qxf3 f6 12. Bd2 f5 13. Re2 Bxd4 14. c3 Bg7
15. Qxb7 Nd7 16. Bf4 e5 17. Be3 Nb6 18. Rd2 Qe7 19. Na3 f4 20. Bxb6 axb6 21.
Rad1 Rfd8 22. h3 Rab8 23. Qc6 Rxd2 24. Rxd2 Bf8 25. Rd7 Qe8 26. Qxc7 Rc8 27. Qb7
Rb8 28. Qd5+ Kh8 29. Nc4 Be7 30. Qxe5+ Kg8 31. Rxe7 Qf8 32. Rg7+ Qxg7 33. Qxb8+
Qf8 34. Qxf8+ Kxf8 35. Nxb6 g5 36. Kf1 Ke7 37. Ke2 Kd6 38. Kf3 h5 39. g3 fxg3
40. fxg3 Kc5 41. Ke4 Kxb6 42. Kf5 g4 43. hxg4 hxg4 44. Kxg4 1-0

[Event "AUTO-OPEN-1452"]
[Site "http://www.queenalice.com/game.php?id=545056"]
[Date "2009.2.23"]
[Round "1"]
[White "merlin"]
[Black "renansigarini"]
[Result "0-1"]
[WhiteElo "1816"]
[BlackElo "1783"]

1. d4 Nf6 2. c4 d5 3. Nc3 e6 4. Bg5 Be7 5. Bxf6 Bxf6 6. Nf3 O-O 7. e4 dxc4 8. e5
Be7 9. Bxc4 Nc6 10. h4 a6 11. d5 exd5 12. Bd3 Bg4 13. O-O Nd4 14. Bxh7+ Kxh7 15.
Qxd4 Bxf3 16. gxf3 Bxh4 17. Qg4 c6 18. Qh5+ Kg8 19. Kg2 Qg5+ 20. Qxg5 Bxg5 21.
Rh1 Rfe8 22. Rh5 f6 23. exf6 Bxf6 24. Rah1 Bxc3 25. bxc3 Kf7 26. Rb1 b5 27. a4
Re2 28. f4 Rc2 29. Re1 Rxc3 30. f3 Re8 31. Rf5+ Kg6 32. Rg5+ Kf7 33. Rxe8 Kxe8
34. axb5 axb5 35. Rxg7 d4 36. Kf2 Rc2+ 37. Ke1 d3 38. Kd1 b4 39. Rb7 c5 40. Rb5
Kf7 41. f5 Kf6 42. f4 Kxf5 43. Rb6 Kxf4 44. Rd6 Rc4 45. Re6 Rd4 46. Kd2 c4 47.
Re7 c3+ 48. Kc1 d2+ 49. Kc2 d1=Q# 0-1

[Event "AUTO-OPEN-1452"]
[Site "http://www.queenalice.com/game.php?id=545057"]
[Date "2009.2.23"]
[Round "1"]
[White "renansigarini"]
[Black "Mazz"]
[Result "0-1"]
[WhiteElo "1821"]
[BlackElo "2028"]

1. e4 c5 2. Nf3 d6 3. d4 cxd4 4. Nxd4 Nf6 5. Nc3 a6 6. Bc4 e6 7. O-O Be7 8. Qf3
O-O 9. Bg5 Bd7 10. Rad1 Nc6 11. Qe3 Ng4 12. Bxe7 Nxe3 13. Bxd8 Nxd1 14. Be7 Nxb2
15. Bxf8 Nxd4 16. Bxd6 Nxc4 17. Rd1 Nxc2 18. Bc7 Bc6 19. g3 Rc8 20. Bf4 b5 21.
Kg2 b4 22. Ne2 e5 23. Bc1 Bxe4+ 24. f3 N4e3+ 0-1

[Event "AUTO-OPEN-1452"]
[Site "http://www.queenalice.com/game.php?id=545058"]
[Date "2009.2.23"]
[Round "1"]
[White "Mazz"]
[Black "renansigarini"]
[Result "1-0"]
[WhiteElo "2037"]
[BlackElo "1789"]

1. d4 d5 2. c4 Nf6 3. cxd5 Nxd5 4. Nf3 e6 5. e4 Nb6 6. Nc3 Bb4 7. a3 Bxc3+ 8.
bxc3 O-O 9. Bd3 Nc6 10. O-O Re8 11. Be3 e5 12. Qd2 Bg4 13. Nxe5 Nxe5 14. dxe5
Qd7 15. f3 Be6 16. Qe2 Qc6 17. Bb5 Qxc3 18. Rac1 Qxa3 19. Bxe8 Rxe8 20. Ra1 Qe7
21. Rfc1 a6 22. f4 Rd8 23. Rab1 Qh4 24. Rxc7 g6 25. Rxb6 a5 26. Rd6 Rb8 27. f5
gxf5 28. exf5 Bb3 29. Rd4 1-0

[Event "Challenge"]
[Site "http://www.queenalice.com/game.php?id=575772"]
[Date "2009.4.22"]
[Round "-"]
[White "cybrooksy"]
[Black "renansigarini"]
[Result "1-0"]
[WhiteElo "1780"]
[BlackElo "1763"]

1. e4 d5 2. exd5 Qxd5 3. Nc3 Qa5 4. d4 Nc6 5. Bb5 Bd7 6. Nf3 O-O-O 7. O-O Nf6 8.
Re1 e6 9. Bd2 Bb4 10. a3 Bxc3 11. Bxc6 Bxd2 12. Bxd7+ Rxd7 13. Qxd2 Qxd2 14.
Nxd2 Rxd4 15. Nf3 Rd7 16. Ne5 Re7 17. Rad1 Rd8 18. Rxd8+ Kxd8 19. Rd1+ Ke8 20.
f3 Nd5 21. Kf2 f6 22. Nc4 Rd7 23. Na5 c6 24. c4 Nb6 25. Rxd7 Kxd7 26. Nxb7 1-0

[Event "ab251717"]
[Site "http://www.queenalice.com/game.php?id=578152"]
[Date "2009.4.26"]
[Round "-"]
[White "spin"]
[Black "renansigarini"]
[Result "1-0"]
[WhiteElo "1767"]
[BlackElo "1779"]

1. e4 e5 2. f3 Nf6 3. d4 Nxe4 4. fxe4 Qh4+ 5. Ke2 Qxe4+ 6. Be3 exd4 7. Qxd4
Qxc2+ 8. Nd2 Nc6 9. Qe4+ Qxe4 10. Nxe4 Bb4 11. Bc5 Bxc5 12. Nxc5 O-O 13. Kf2 d6
14. Ne4 Re8 15. Re1 Ne5 16. Rc1 Nd3+ 17. Bxd3 Bf5 18. Nf6+ gxf6 19. Bxf5 Re5 20.
g4 Rae8 21. Rxc7 h5 22. Bd7 R8e7 23. Rxb7 hxg4 24. Rxa7 d5 25. Ra8+ 1-0

[Event "Challenge"]
[Site "http://www.queenalice.com/game.php?id=580232"]
[Date "2009.4.30"]
[Round "-"]
[White "smcneil"]
[Black "renansigarini"]
[Result "1-0"]
[WhiteElo "1779"]
[BlackElo "1750"]

1. e4 d5 2. e5 Bf5 3. d4 e6 4. Bd3 Bxd3 5. Qxd3 c5 6. dxc5 Bxc5 7. b4 Bxb4+ 8.
Bd2 Bxd2+ 9. Nxd2 Qc7 10. Ngf3 Nc6 11. Qb5 Ne7 12. Rb1 b6 13. O-O O-O 14. Rfe1
Ng6 15. Qe2 Rac8 16. c3 f6 17. exf6 Rxf6 18. Ng5 Na5 19. Qe3 Qxc3 20. Rbc1 Qxc1
21. Rxc1 Rxc1+ 22. Nf1 Rc6 23. h3 e5 24. Ng3 d4 25. Qd3 Rc7 26. N3e4 Rfc6 27.
Qb5 h6 28. Qd5+ 1-0

[Event "Challenge"]
[Site "http://www.queenalice.com/game.php?id=581301"]
[Date "2009.5.2"]
[Round "-"]
[White "Mike36bh"]
[Black "renansigarini"]
[Result "1-0"]
[WhiteElo "1812"]
[BlackElo "1748"]

1. d4 Nf6 2. d5 e6 3. c4 Bc5 4. dxe6 dxe6 5. Nf3 Qxd1+ 6. Kxd1 O-O 7. e3 Nc6 8.
a3 Ne4 9. Ke2 b6 10. Nc3 Nxc3+ 11. bxc3 Ba6 12. Kd2 Na5 13. Kc2 Bxc4 14. Bxc4
Nxc4 15. g4 Rfd8 16. Rd1 Rxd1 17. Kxd1 Rd8+ 18. Kc2 g6 19. Nd4 Bxd4 20. cxd4 e5
21. Kc3 Nd6 22. f3 exd4+ 23. exd4 1-0

[Event "Game of Friendes"]
[Site "http://www.queenalice.com/game.php?id=583124"]
[Date "2009.5.5"]
[Round "-"]
[White "ErasmudoPorto"]
[Black "renansigarini"]
[Result "1-0"]
[WhiteElo "1955"]
[BlackElo "1720"]

1. d4 Nf6 2. Nf3 d5 3. c4 e6 4. Bg5 Be7 5. e3 O-O 6. Nc3 b6 7. Bd3 Ba6 8. b3 h6
9. Bh4 Nbd7 10. O-O c5 11. Re1 Rc8 12. Bxf6 Bxf6 13. Nb5 Bxb5 14. cxb5 c4 15.
bxc4 dxc4 16. Be4 c3 17. Rc1 Qc7 18. Bc6 Be7 19. Qb3 a5 20. a3 Nb8 21. Ne5 Bd6
22. Rxc3 Bxe5 23. dxe5 Qxe5 24. Rec1 Rfd8 25. Qc2 Qd6 26. Qe2 Rc7 27. Qf3 e5 28.
h3 g6 29. e4 Qd2 30. Bd5 Rxc3 31. Qxf7+ Kh8 32. Qf6+ Kh7 33. Qe7+ Kh8 34. Qxd8+
Kg7 35. Qe7+ Kh8 36. Qf8+ 1-0

[Event "AUTO-INT-1206"]
[Site "http://www.queenalice.com/game.php?id=584261"]
[Date "2009.5.6"]
[Round "2"]
[White "rferraz"]
[Black "renansigarini"]
[Result "0-1"]
[WhiteElo "1717"]
[BlackElo "1739"]

1. d4 d5 2. c4 Nf6 3. Nc3 Bf5 4. f3 e6 5. e4 dxe4 6. fxe4 Nxe4 7. Nxe4 Bxe4 8.
Bd3 Bxg2 9. Qa4+ Qd7 10. Qxd7+ Nxd7 0-1

[Event "AUTO-INT-1206"]
[Site "http://www.queenalice.com/game.php?id=584262"]
[Date "2009.5.6"]
[Round "2"]
[White "renansigarini"]
[Black "rferraz"]
[Result "0-1"]
[WhiteElo "1735"]
[BlackElo "1689"]

1. e4 e5 2. Nf3 Nc6 3. d4 exd4 4. Nxd4 Bc5 5. Nxc6 bxc6 6. Bc4 d6 7. O-O Nf6 8.
Bg5 O-O 9. Qf3 Bg4 10. Qg3 Nxe4 11. Bxd8 Nxg3 12. hxg3 Raxd8 13. Nc3 Rde8 14.
Rfe1 d5 15. Bb3 Bd4 16. Na4 Re6 17. c3 Bf6 18. Nc5 Rxe1+ 19. Rxe1 Bg5 20. Bd1
Bxd1 21. Rxd1 Re8 22. Na6 Re2 0-1

[Event "AUTO-INT-1206"]
[Site "http://www.queenalice.com/game.php?id=584265"]
[Date "2009.5.6"]
[Round "2"]
[White "MarcioDiasRamos"]
[Black "renansigarini"]
[Result "1-0"]
[WhiteElo "1706"]
[BlackElo "1717"]

1. e4 e5 2. Nf3 Nc6 3. Bb5 a6 4. Bc4 d6 5. c3 Bg4 6. h3 Bd7 7. d3 Nf6 8. Bg5 Be7
9. Nbd2 O-O 10. Qc2 b5 11. Bb3 Na5 12. g4 c5 13. Bd5 Nxd5 14. Bxe7 Nxe7 15. h4
Bxg4 16. O-O-O c4 17. Rdg1 Be6 18. Ng5 Qc8 19. d4 1-0

[Event "AUTO-INT-1206"]
[Site "http://www.queenalice.com/game.php?id=584266"]
[Date "2009.5.6"]
[Round "2"]
[White "renansigarini"]
[Black "MarcioDiasRamos"]
[Result "1-0"]
[WhiteElo "1754"]
[BlackElo "1694"]

1. e4 c5 2. Nf3 d6 3. d4 cxd4 4. Nxd4 a6 5. Nc3 e5 6. Nf3 Nf6 7. Bg5 Be7 8. Bxf6
Bxf6 9. Nd5 Qa5+ 10. c3 Bd8 11. Be2 Be6 12. O-O Nd7 13. a3 f5 14. b4 1-0

[Event "AUTO-INT-1206"]
[Site "http://www.queenalice.com/game.php?id=584269"]
[Date "2009.5.6"]
[Round "2"]
[White "renansigarini"]
[Black "nonpop"]
[Result "1-0"]
[WhiteElo "1737"]
[BlackElo "1670"]

1. e4 c5 2. Nf3 Nc6 3. d4 cxd4 4. Nxd4 Nf6 5. Nc3 e5 6. Nf3 d6 7. Bg5 Be7 8.
Bxf6 Bxf6 9. Nd5 O-O 10. Bb5 Bd7 11. O-O a6 12. Be2 h6 13. c4 b5 14. b3 Rb8 15.
Rc1 b4 16. Nxf6+ Qxf6 17. Qd2 a5 18. c5 1-0

[Event "AUTO-INT-1206"]
[Site "http://www.queenalice.com/game.php?id=584270"]
[Date "2009.5.6"]
[Round "2"]
[White "nonpop"]
[Black "renansigarini"]
[Result "0-1"]
[WhiteElo "1685"]
[BlackElo "1722"]

1. e4 e5 2. Nf3 Nc6 3. Nc3 Nf6 4. Bc4 Bc5 5. O-O d6 6. d3 Bg4 7. h3 Bh5 8. Be3
Nd4 9. g4 Bg6 10. Ng5 h6 11. Nf3 Qd7 12. b4 Bxb4 13. Bxd4 exd4 14. Nd5 Nxd5 15.
Bxd5 c6 16. Bb3 O-O-O 17. a3 Bc3 0-1

[Event "Challenge"]
[Site "http://www.queenalice.com/game.php?id=592919"]
[Date "2009.5.24"]
[Round "-"]
[White "ferrari"]
[Black "renansigarini"]
[Result "1-0"]
[WhiteElo "1936"]
[BlackElo "1735"]

1. e4 d5 2. exd5 Qxd5 3. Nf3 Nc6 4. Bd3 Bg4 5. Be2 e6 6. O-O O-O-O 7. Nc3 Qh5 8.
h3 Bxh3 9. gxh3 Qxh3 10. Ne4 f5 11. Neg5 Qg4+ 12. Kh1 Bd6 13. d4 Qh5+ 14. Kg2
1-0

[Event "Challenge"]
[Site "http://www.queenalice.com/game.php?id=592920"]
[Date "2009.5.24"]
[Round "-"]
[White "renansigarini"]
[Black "ferrari"]
[Result "0-1"]
[WhiteElo "1727"]
[BlackElo "1944"]

1. e4 d6 2. d4 Nf6 3. Nc3 g6 4. Nf3 Bg7 5. Bc4 O-O 6. O-O Nc6 7. d5 Na5 8. Be2
c6 9. b4 Nd7 10. Bb2 b5 11. bxa5 Qxa5 12. Qd3 Nf6 13. Rab1 Ba6 0-1